| 000 | 01388nam a2200349 a 4500 | ||
|---|---|---|---|
| 999 |
_c357828 _d357828 |
||
| 001 | 000000418110 | ||
| 003 | IT-MiSPE | ||
| 005 | 20180505175638.0 | ||
| 008 | 150513s2015 it 001 u ita d | ||
| 020 | _a9788831542708 | ||
| 040 |
_aIT-MiSPE _bita _dclb _cIT-MiSPE |
||
| 041 | 1 |
_aita _agrc |
|
| 082 | _a270.008-TAZ ai (23120) | ||
| 100 | 0 |
_aTatianus, _dsec. II. _956998 |
|
| 240 | 1 | 0 |
_aOratio ad Graecos. _lGreco e italiano |
| 245 | 1 | 0 |
_aAi Greci / _cTaziano ; a cura di Gabriella Aragione. |
| 260 |
_aMilano : _bEdizioni Paoline, _c©2015. |
||
| 300 |
_a332 p. ; _c20 cm |
||
| 490 | 1 |
_aLetture cristiane del secondo millennio ; _v052 |
|
| 504 | _aBibliografia (p. [121]-137) e indici | ||
| 546 | _aTraduzione italiana con testo greco a fronte | ||
| 655 | 7 |
_aPatrologia greca _xPadri apologisti _xQuadratus, s., sec. III - Ariston Pellaeus, sec. II - Aristides Atheniensis, s., sec. II - Iustinus, s., ante 165 - Tatianus, sec. II - Athenagoras Atheniensis, s., sec. II - Theophilus Antiochenus, s., sec. II - Lettera a Diogneto. _2local _956930 |
|
| 700 | 1 |
_aAragione, Gabriella, _eed. _956999 |
|
| 830 | 0 |
_aLetture cristiane del secondo millennio ; _v052. _957000 |
|
| 942 |
_2ddc _cBK |
||
| 990 | 1 | 0 |
_a90001a _b10003ad |
| 990 | 1 | 0 |
_a90002a _b10003ad |